| 000 | 00593nam a2200241 a 4500 | ||
|---|---|---|---|
| 001 | nice12345678 | ||
| 003 | IN_TiNIC | ||
| 005 | 20260116012956.0 | ||
| 008 | 050524s1980 cala grp 000 0 eng | ||
| 020 |
_a _c100 |
||
| 082 | 0 | 0 |
_a954.13 _bHAQ |
| 100 | _aHaque, M A | ||
| 245 | _aMuslim Administration in Orissa, 1568-1751 A.D | ||
| 260 |
_aCalcutta _bPunthi-Pustak _c1980 |
||
| 300 | _a280p | ||
| 500 | _aincludes index and biblioraphy | ||
| 505 | 2 | _aBibliography, Index | |
| 650 | _aOrissa-History | ||
| 700 | 1 | _aHaque, M A | |
| 902 | _bSRS | ||
| 942 | _cBK | ||
| 999 |
_c9128 _d9128 |
||